000 00674cam a2200193 4500
001 WB3613-24
008 000000n2000 000 0 eng u
035 _a(Sirsi) u105074
245 _aPlanning sell-off
260 _c2000
490 _aProperty Week
_v65(12) 24 March 2000, 1&112(1)
520 _aWestminster council's planning department is set to be privatised. The move could see billions of pounds of high-profile development being assessed by private firms.
590 _aWB
650 _aWESTMINSTER COUNCIL
650 _aPLANNING SERVICES
650 _aPRIVATISATION
690 _aENVIRONMENTAL AND LAND CONSULTANCY-PLANNING AND DEVELOPMENT
942 _n0
999 _c63016
_d63016